Diseases that start with F - Statistics

General Stats
  • This quiz has been taken 10 times
  • The average score is 2 of 9
Answer Stats
Answer % Correct
flu (influenza)
86%
Fibromyalgia
43%
Fetal alcohol syndrome
29%
Fibroids
29%
Fibrocystic Breast Disease
14%
Fifth Disease
14%
Functional Bowel Disorder
14%
Functional neurological disorder
0%
Fungal infections
0%
No matching quizzes found
Score Distribution
Percent of People with Each Score
Percentile by Number Answered
Your Score History
You have not taken this quiz